000 01086cam a22002651i 4500
003 SA-RiAUC
005 20241120140945.0
008 241107s2009 su g f00010 ara c
020 _a9789960039023
040 _aSA-MdTU
_bara
_cSA-RiAUC
_erda
082 0 4 _a251
_qSA-RiAUC
090 _a251
_b ص ا ع
100 1 _aالصاعدي، حمد بن حمدي بن سالم،
_d1368 هجري-
_eمؤلف.
245 1 0 _aحجية العام المخصوص /
_cتأليف حمد بن حمدي الصاعدي.
250 _aالطبعة الأولى.
264 1 _aمكة المكرمة :
_bجامعة أم القرى، معهد البحوث العلمية وإحياء التراث الإسلامي،
_c2009
300 _a143 صفحة ؛
_c24 سم.
336 _aنص
_btxt
_2rdacontent
_3كتاب
337 _aبدون وسيط
_bn
_2rdamedia
338 _aمجلد
_bnc
_2rdacarrier
490 0 _aسلسلة بحوث الدراسات الإسلامية
650 7 _aأصول الفقه الإسلامي
_2aucsh
942 _2ddc
_cBOOK
_n0
949 _aSA-JeALM
_d241107
_umohamedma123
_n1
999 _c2596
_d2596